[Event "18th Lviv Tradition November 2017"]
[Site "Lviv"]
[Date "2017.11.08"]
[Round "4"]
[White "Krzywda, Andrzej"]
[Black "Anwesh, Upadhyaya"]
[Result "1/2-1/2"]
[WhiteElo "2174"]
[BlackElo "2368"]
[Annotator "TA"]
[PlyCount "77"]
[EventDate "2017.??.??"]
[EventType "tourn"]
[EventCountry "UKR"]
[SourceTitle "playchess.com"]
[Source "ChessBase"]
[SourceQuality "1"]

{[%evp 24,77,0,-11,0,-104,-7,-29,-26,-22,-30,-22,-25,-53,-56,-68,-60,-58,-40,-55,-48,-32,-18,-20,-9,-13,0,-43,-55,-41,0,0,9,-41,-41,-41,-41,-34,-30,-41,-41,-60,-41,-41,-37,-35,-33,-35,0,-30,-37,-41,-41,-48,-48,-48]} 1. e4 e5 2. Nf3 Nc6 3. Bc4 Bc5 4. c3 Nf6 5. d3 O-O 6. O-O d5 7. exd5 Nxd5 8. Re1 Bg4 {[%cal Bc8g4,Bg4h5,Bh5g6][%mdl 32]} 9. h3 {C54: Giuoco Piano: 4 c3 Nf6, main lines with 5 d4 and 5 d3} Bh5 10. b4 Be7 11. b5 Na5 12. g4 (12. Rxe5 Nf6 13. Nbd2 Bd6 14. Re1 Re8 15. Bb3 Rxe1+ 16. Qxe1 Nxb3 17. axb3 {½-½ (36) Van Foreest,J (2609)-Adhiban,B (2671) Hoogeveen 2017}) 12... Bg6 13. Nxe5 {LiveBook: 3 Games} Bf6 {[#]} 14. Qf3 $146 (14. Bxd5 $1 $11 Qxd5 15. d4 (15. Nxg6 fxg6 16. Ba3 Rf7 $15)) ({Predecessor:} 14. Nxg6 hxg6 15. Ba3 Nxc3 16. Nxc3 Bxc3 17. Bxf8 Kxf8 18. Rc1 Bxe1 19. Qxe1 Nxc4 20. Rxc4 Qxd3 21. Rxc7 Re8 22. Qb4+ Kg8 23. Qb3 {½-½ (23) Pruijssers,R (2529)-Babula,V (2569) Germany 2014}) 14... Nb6 (14... Nxc4 $17 15. dxc4 (15. Nxg6 $2 fxg6 16. dxc4 Bh4 $19) 15... Re8 16. Qxd5 Bxe5) 15. Bf4 Bxe5 16. Rxe5 Naxc4 17. dxc4 Nxc4 18. Rd5 Qe8 {[#] Hoping for ...Be4.} 19. Nd2 Nxd2 20. Rxd2 Qxb5 21. Bxc7 Rac8 22. a4 Qg5 23. Rd5 Qh4 24. Rd7 Rfe8 25. Rad1 h5 26. R1d4 Qg5 27. Bf4 Qa5 28. R7d5 Qxc3 29. Qxc3 Rxc3 30. gxh5 Be4 31. Rd8 Rxd8 32. Rxd8+ $15 {[%mdl 4096] Endgame KRB-KRB} Kh7 33. Be3 Ra3 34. Rd7 Ra1+ 35. Kh2 Rh1+ 36. Kg3 {[#]} Rxh3+ $1 {[%mdl 512]} 37. Kxh3 {Black is slightly better.} Bf5+ 38. Kh4 Bxd7 39. a5 {Precision: White = 63%, Black = 59%.} 1/2-1/2

[Event "18th Lviv Tradition November 2017"]
[Site "Lviv"]
[Date "2017.11.08"]
[Round "4"]
[White "Zgadzaj, Rafal"]
[Black "Sevostianov, Pavel"]
[Result "0-1"]
[WhiteElo "2133"]
[BlackElo "2264"]
[Annotator "TA"]
[PlyCount "102"]
[EventDate "2017.??.??"]
[EventType "tourn"]
[EventCountry "UKR"]
[SourceTitle "playchess.com"]
[Source "ChessBase"]
[SourceQuality "1"]

{[%evp 9,102,14,14,14,10,10,9,8,11,0,14,0,-3,-1,30,29,45,13,32,7,23,-18,-18,-10,0,0,31,24,27,23,32,3,62,0,16,10,22,12,21,22,25,0,0,0,16,0,0,-35,0,-7,0,0,0,-7,0,-44,-55,-75,-70,-95,-77,-142,-115,-341,-177,-298,-316,-298,-141,-149,-137,-143,-140,-289,-282,-275,-268,-268,-268,-268,-263,-267,-267,-533,-518,-525,-504,-527,-515,-567,-483,-462,-462,-565,-565]} 1. c4 f5 2. g3 Nf6 3. Bg2 e5 4. Nc3 Bb4 5. Qb3 a5 6. a3 {A21: English Opening: 1...e5 2 Nc3} Bxc3 (6... Bc5 7. Qb5 Na6 8. Qxa5 O-O 9. Na4 b6 10. Qc3 Bxf2+ 11. Kxf2 Ne4+ 12. Bxe4 fxe4+ 13. Ke1 {½-½ (39) Stevic,H (2624)-Sulava,N (2514) Opatija 2012}) 7. Qxc3 d6 8. b3 {The position is equal.} Nc6 9. d3 $146 ({Predecessor:} 9. e3 O-O 10. d3 Qe8 11. Ne2 Qh5 12. Qd2 Nd8 13. O-O {0-1 (28) Zalimaite,I (1883)-Narmontas,R (2158) Plunge 2009}) 9... h6 10. e3 O-O 11. Ne2 Qe8 12. O-O Qh5 13. Ra2 Bd7 14. f4 Rae8 15. b4 axb4 (15... Ng4 $6 16. h3 $16) 16. axb4 e4 17. b5 Nd8 ({Not} 17... Ng4 $2 18. h3 $18) 18. Nd4 (18. Qc2 {feels hotter.} exd3 19. Qxd3 Ne6 20. Ba3 Ne4 21. Nd4) 18... Ne6 19. Nxe6 Bxe6 20. Ra7 Bc8 (20... Qe2 $11) 21. Re1 (21. d4 $14) 21... Rf7 22. Bb2 Kh7 23. Ra8 exd3 24. Qxd3 Ne4 25. Qd5 {Bxe4 is the strong threat.} Rfe7 26. Qd4 Qg6 27. Re2 b6 28. Rb8 Nc5 29. Bc6 Bd7 30. Rxe8 Bxe8 31. Bf3 Bd7 32. Bc1 Bc8 33. Bd5 Bb7 34. Ba3 Bxd5 35. cxd5 ({Better is} 35. Qxd5 Ne4 36. Bb2) 35... Qg4 36. Rg2 $2 {[#]} (36. Qd2 $17 {keeps fighting.}) 36... Qf3 (36... Rxe3 $142 $1 {[%mdl 512] ( -> ...Re1+)} 37. h3 (37. Qxe3 $2 {loses.} Qd1+ 38. Kf2 Ne4+ 39. Qxe4 fxe4 $19) 37... Qf3) 37. Bxc5 (37. Rf2 $142 Qxe3 38. Qxe3 Rxe3 39. Bxc5 dxc5 40. Ra2) 37... bxc5 $19 ({But not} 37... dxc5 38. Qd3 $19) 38. Qd3 Qxe3+ (38... Rxe3 $19 {and Black stays clearly on top.} 39. Qxf5+ Kg8 40. Qc8+ Kf7 41. Qf5+ Ke7) 39. Qxe3 $17 Rxe3 $19 {[%mdl 4096] Endgame KR-KR} 40. Ra2 Rb3 41. Ra7 (41. Ra5 $17 {was the only chance.}) 41... Rxb5 42. Rxc7 {[#]} Rb1+ $1 43. Kf2 {[#]} Rd1 $1 44. Ke3 Rxd5 45. h3 Kg6 46. g4 $2 (46. Rc8 {was worth a try.}) 46... fxg4 {Black is clearly winning.} 47. hxg4 Rd4 48. Kf3 Kf6 49. Rc8 c4 {[%cal Bc5c4,Bc4c3][%mdl 32]} 50. Ke3 Rd3+ 51. Kf2 c3 {Precision: White = 24%, Black = 48%.} 0-1

[Event "18th Lviv Tradition November 2017"]
[Site "Lviv"]
[Date "2017.11.08"]
[Round "5"]
[White "Kryvoruchko, Vita"]
[Black "Zgadzaj, Rafal"]
[Result "1-0"]
[WhiteElo "2148"]
[BlackElo "2133"]
[Annotator "NA"]
[PlyCount "53"]
[EventDate "2017.??.??"]
[EventType "tourn"]
[EventCountry "UKR"]
[SourceTitle "playchess.com"]
[Source "ChessBase"]
[SourceQuality "1"]
[TimeControl "5400+30"]

{[%evp 8,40,48,40,45,47,43,52,52,31,63,10,20,12,15,0,82,51,72,81,69,56,128,129,141,135,472,498,477,473,32767,32767,575,570,858]} 1. e4 {[%emt 0:18:19]} d6 {[%emt 0:01:26]} 2. d4 {[%emt 0:00:05]} g6 {[%emt 0:00:06]} 3. Nc3 {[%emt 0:00:04]} Bg7 {[%emt 0:00:02]} 4. Be3 {[%emt 0:00:06]} a6 {[%emt 0:01:21]} 5. a4 {[%emt 0:00:05]} b6 {[%emt 0:05:12]} 6. Qd2 {[%emt 0:00:06]} Bb7 {[%emt 0:02:44] B06: Modern Defence} 7. f3 {[%emt 0:00:05] LiveBook: 20 Games} (7. h4 Nf6 8. f3 Nbd7 9. g4 h6 10. Be2 c5 11. d5 Ne5 12. Nh3 Qc7 13. Nf2 Bc8 14. Rg1 {1-0 (38) Onischuk,V (2613)-Stefanova,A (2505) Almaty 2016}) 7... Nd7 {[%emt 0:00:03]} 8. Nge2 {[%emt 0:00:05]} h5 {[%emt 0:06:42]} 9. h4 {[%emt 0:02:06]} Ngf6 {[%emt 0:00:30]} 10. Nf4 {[%emt 0:03:52]} e5 {[%emt 0:07:57]} 11. Nh3 {[%emt 0:00:57]} d5 $146 {[%emt 0:01:27]} ({Predecessor:} 11... exd4 $11 12. Bxd4 Ne5 {1-0 (48) Orlov,A (2433)-Weiler,W (2170) Duesseldorf 2005}) 12. exd5 {[%emt 0:07:04]} Nxd5 {[%emt 0:02:04]} 13. Nxd5 {[%emt 0:00:08]} Bxd5 {[%emt 0:00:52]} 14. O-O-O {[%emt 0:04:08]} Bb7 {[%emt 0:19:42]} ({Black should try} 14... O-O) 15. Bc4 {[%emt 0:02:29]} O-O {[%emt 0:02:35]} 16. Ng5 {[%emt 0:00:20]} Qc8 $2 {[%emt 0:05:49]} (16... Qf6 $16 {leistet mehr Widerstand.}) 17. Qd3 {[%emt 0:01:18]} e4 {[%emt 0:04:33]} 18. fxe4 {[%emt 0:00:06]} Nf6 {[%emt 0:01:26]} 19. Rhf1 {[%emt 0:01:19]} Qg4 {[%emt 0:07:35]} 20. Rf4 {[%emt 0:00:59]} Qxg2 $18 {[%emt 0:00:33]} 21. Rg1 {[%emt 0:00:31]} Qh2 {[%emt 0:00:23]} 22. Rxf6 {[%emt 0:00:19]} Bxf6 {[%emt 0:05:17]} 23. e5 {[%emt 0:00:51]} Kg7 {[%emt 0:00:44]} 24. exf6+ {[%emt 0:00:05]} Kxf6 {[%emt 0:00:28]} 25. Nxf7 {[%emt 0:00:57]} Rg8 {[%emt 0:01:10]} 26. Nh6 {[%emt 0:00:20]} Ke7 {[%emt 0:00:43]} 27. Nxg8+ {[%emt 0:00:22]} 1-0